Ministérios do Brasil - Statistics

Estatísticas Gerais
  • Esse quiz foi jogado 126 vezes
  • A pontuação média é 17 de 39
Estatísticas das Respostas
Hint Resposta % Correto
Ministério MEC Ministério da Educação
86%
Ministério MS Ministério da Saúde
83%
Ministério MTur Ministério do Turismo
74%
Órgão BC Banco Central
72%
Ministério MJ Ministério da Justiça
70%
Ministério MAPA Ministério da Agricultura, Pecuária e Abastecimento
68%
Ministério MinC Ministério da Cultura
67%
Ministério MF Ministério da Fazenda
66%
Ministério MTE Ministério do Trabalho e Emprego
63%
Ministério MDIC Ministério do Desenvolvimento, Indústria e Comércio Exterior
60%
Ministério MMA Ministério do Meio Ambiente
59%
Ministério MD Ministério da Defesa
54%
Órgão AGU Advocacia-Geral da União
53%
Ministério MCTI Ministério da Ciência, Tecnologia e Inovação
53%
Ministério MCid Ministério das Cidades
51%
Ministério MRE Ministério das Relações Exteriores (Itamaraty)
50%
Órgão CGU Controladoria-Geral da União
48%
Secretaria SDH Secretaria de Direitos Humanos
48%
Ministério MPA Ministério da Pesca e Aquicultura
40%
Ministério MME Ministério de Minas e Energia
38%
Ministério MPOG Ministério do Planejamento, Orçamento e Gestão
38%
Secretaria SeCom Secretaria de Comunicação Social
37%
Ministério ME Ministério do Esporte
35%
Órgão CC Casa Civil
33%
Órgão GSI Gabinete de Segurança Institucional
30%
Ministério MDS Ministério do Desenvolvimento Social e Combate à Fome
30%
Ministério MDA Ministério do Desenvolvimento Agrário
28%
Ministério MT Ministério dos Transportes
28%
Ministério MPS Ministério da Previdência Social
27%
Secretaria SG Secretaria-Geral da Presidência
27%
Ministério MI Ministério da Integração Nacional
26%
Secretaria SPM Secretaria de Políticas Para as Mulheres
23%
Ministério MC Ministério das Comunicações
22%
Secretaria SRI Secretaria de Relações Institucionais
22%
Secretaria SEPPIR Secretaria de Políticas de Promoção da Igualdade Racial
21%
Secretaria SEP Secretaria de Portos
20%
Secretaria SAC Secretaria de Aviação Civil
15%
Secretaria SAE Secretaria de Assuntos Estratégicos
13%
Secretaria SMPE Secretaria da Micro e Pequena Empresa
11%
Nenhum quiz correspondente encontrado
Distribuição das Pontuações
Porcentagem de Pessoas com Cada Pontuação
Percentil de Números Respondidos
Sua Pontuação Histórica
Você não jogou esse quiz